Rent review, arbitration and third party determination (Record no. 108696)
[ view plain ]
| 000 -LEADER | |
|---|---|
| fixed length control field | 01879cam a22002895a 4500 |
| 001 - CONTROL NUMBER | |
| control field | L145125 |
| 008 - FIXED-LENGTH DATA ELEMENTS--GENERAL INFORMATION | |
| fixed length control field | 080909s2008 xxk klf 000 0 eng d |
| 020 ## - INTERNATIONAL STANDARD BOOK NUMBER | |
| International Standard Book Number | 9781842194102 |
| 035 ## - SYSTEM CONTROL NUMBER | |
| System control number | (Sirsi) u145125 |
| 041 0# - LANGUAGE CODE | |
| Language code of text/sound track or separate title | eng |
| 050 04 - LIBRARY OF CONGRESS CALL NUMBER | |
| Classification number | 346.4104344 $2 22 |
| 100 1# - MAIN ENTRY--PERSONAL NAME | |
| Personal name | Loveday, Mark |
| 245 00 - TITLE STATEMENT | |
| Title | Rent review, arbitration and third party determination |
| Remainder of title | a surveyor's handbook |
| 260 ## - PUBLICATION, DISTRIBUTION, ETC. | |
| Place of publication, distribution, etc. | Coventry |
| Name of publisher, distributor, etc. | RICS |
| Date of publication, distribution, etc. | 2008 |
| 300 ## - PHYSICAL DESCRIPTION | |
| Extent | xxiv, 384p. |
| Dimensions | 24cm. |
| 350 ## - PRICE (NR) (BK AM CF MU VM SE) [OBSOLETE] | |
| Price | 45 |
| 505 2# - FORMATTED CONTENTS NOTE | |
| Formatted contents note | Accepting the instruction -- The physical evidence, the property -- The legal evidence, the lease -- The market evidence-comparables -- Arriving at a rental value -- The machinery of rent review -- Time limits -- Negotiations and settlements -- Reference to a third party -- Arbitration -- Correcting and challenging an arbitration award -- Expert determination -- After the review -- Appendices |
| 520 ## - SUMMARY, ETC. | |
| Summary, etc. | Provides practical guidance to suryeyors on how to deal with the rent review process, highlighting the steps which need to be taken. Using a practical, workflow approach, takes the surveyor through each stage of the rent review: from consideration of the valuation to the conclusion of the review by negotiation or third party determination. Gives expert guidance throughout, using both examples and references to relevant case law, and identifies possible pitfalls, thus allowing them to be avoided. Appendices include Chapter 23 of The Arbitration Act 1996, RICS Practice statements and guidance notes as well as a number of Specimen/draft letters and forms to provide practical help for the practitioner. Includes case summaries. |
| 521 ## - TARGET AUDIENCE NOTE | |
| Target audience note | Advanced |
| 590 ## - LOCAL NOTE (RLIN) | |
| Local note | KA |
| 651 #4 - SUBJECT ADDED ENTRY--GEOGRAPHIC NAME | |
| Geographic name | England and Wales |
| Chronological subdivision | 1543- |
| 690 ## - LOCAL SUBJECT ADDED ENTRY--TOPICAL TERM (OCLC, RLIN) | |
| Topical term or geographic name as entry element | PROPERTY-LANDLORD AND TENANT-TENANCIES-TENANCY RENT REVIEW |
| 700 1# - ADDED ENTRY--PERSONAL NAME | |
| Personal name | Guest, Andy |
| 700 1# - ADDED ENTRY--PERSONAL NAME | |
| Personal name | Rainey, Philip |
| 942 ## - ADDED ENTRY ELEMENTS (KOHA) | |
| Suppress in OPAC | 0 |
| Withdrawn status | Lost status | Source of classification or shelving scheme | Damaged status | Not for loan | Home library | Current library | Shelving location | Date acquired | Total Checkouts | Full call number | Barcode | Date last seen | Copy number | Price effective from | Koha item type | Date last checked out |
|---|---|---|---|---|---|---|---|---|---|---|---|---|---|---|---|---|
| Dewey Decimal Classification | London | London | RICS Boxes | 30/10/2008 | 346.4104344 LOV | 30076387 | 06/08/2019 | 1 | 06/08/2019 | Archive | ||||||
| Dewey Decimal Classification | London | London | Books | 30/10/2008 | 346.4104344 LOV | 30076388 | 18/06/2025 | 2 | 06/08/2019 | Reference material | ||||||
| Dewey Decimal Classification | London | London | Books | 09/01/2009 | 7 | 346.4104344 LOV | 30076440 | 06/08/2019 | 6 | 06/08/2019 | Book | 13/01/2010 |